Southville International School and Colleges
Your cart is empty.
  • Cart
  • Lists
    Public lists Eva Luna New books Lux_list list_1
    Your lists Log in to create your own lists
  • Log in to your account
  • Your cookies
  • Search history
Southville International School and Colleges
  • Advanced search
  • Recent comments
  • Most popular
  • Libraries

Log in to your account

Log in with GOOGLE


If you do not have an external account, but do have a local account, you can still log in:

  1. Home
  2. MARC view: Integrating pupils with disabilities in mainstream school :
Normal view MARC view ISBD view

Integrating pupils with disabilities in mainstream school : (Record no. 19716)

[ view plain ]
MARC details
000 -LEADER
fixed length control field 00616nam a2200205 a 4500
005 - DATE AND TIME OF LATEST TRANSACTION
control field 20140310183154.0
008 - FIXED-LENGTH DATA ELEMENTS--GENERAL INFORMATION
fixed length control field 021015s19uu xx 00 eng d
020 ## - INTERNATIONAL STANDARD BOOK NUMBER
International Standard Book Number 1853464872
050 ## - LIBRARY OF CONGRESS CALL NUMBER
Classification number LC 4015
Item number .K37 1997
100 ## - MAIN ENTRY--PERSONAL NAME
Personal name Kenward, Helen
245 ## - TITLE STATEMENT
Title Integrating pupils with disabilities in mainstream school :
Remainder of title making it happen /
Statement of responsibility, etc Helen kenward.
260 ## - PUBLICATION, DISTRIBUTION, ETC. (IMPRINT)
Place of publication, distribution, etc London :
Name of publisher, distributor, etc David Fulton Pub,
Date of publication, distribution, etc 1997.
300 ## - PHYSICAL DESCRIPTION
Extent 99 p. :
Other physical details ill. ;
Dimensions 31 cm.
521 ## - TARGET AUDIENCE NOTE
Target audience note
650 ## - SUBJECT ADDED ENTRY--TOPICAL TERM
Topical term or geographic name as entry element Learning disabilities
650 ## - SUBJECT ADDED ENTRY--TOPICAL TERM
Topical term or geographic name as entry element Physical disabilities
650 ## - SUBJECT ADDED ENTRY--TOPICAL TERM
Topical term or geographic name as entry element Mental disabilities
942 ## - ADDED ENTRY ELEMENTS (KOHA)
Koha item type Books
Source of classification or shelving scheme Library of Congress Classification
Call number prefix Foreign
Holdings
Withdrawn status Lost status Source of classification or shelving scheme Damaged status Home library Current library Shelving location Date acquired Cost, normal purchase price Total Checkouts Full call number Barcode Date last seen Copy number Price effective from Koha item type
    Library of Congress Classification   College Library College Library General Circulation Section 10/01/2010 1299.00   LC 4015 .K37 1997 C1070 04/22/2017 1 10/10/2013 Books

Integrating pupils with disabilities in mainstream school :

APA

Kenward H., . (1997). Integrating pupils with disabilities in mainstream school. London: David Fulton Pub.

Chicago

Kenward Helen, . 1997. Integrating pupils with disabilities in mainstream school. London: David Fulton Pub.

Harvard

Kenward H., . (1997). Integrating pupils with disabilities in mainstream school. London: David Fulton Pub.

MLA

Kenward Helen, . Integrating pupils with disabilities in mainstream school. London: David Fulton Pub. 1997.

  • Place hold
  • Print
  • Cite
  • Add to your cart (remove)
  • Save record
    BIBTEX Dublin Core MARCXML MARC (non-Unicode/MARC-8) MARC (Unicode/UTF-8) MARC (Unicode/UTF-8, Standard) MODS (XML) RIS
  • More searches
    Search for this title in:
    Other Libraries (WorldCat) Other Databases (Google Scholar) Online Stores (Bookfinder.com) Open Library (openlibrary.org)

Exporting to Dublin Core...

SOUTHVILLE LIBRARY

Southville International School and Colleges Library

1281 Tropical Ave. Cor. Luxembourg St., BF Homes International, Las Pinas City

Tel. No. 8256374 / 252358 Loc. 117/146

Powered by Koha